KOHA-Header-6

Strategies for College Success (Record no. 12558)

000 -LEADER
fixed length control field 00206nam a22000977a 4500
020 ## - INTERNATIONAL STANDARD BOOK NUMBER
ISBN 9780134495705
082 ## - DEWEY DECIMAL CLASSIFICATION NUMBER
Classification number 378.198
100 ## - MAIN ENTRY--AUTHOR NAME
Personal name Stark, Mary C
245 ## - TITLE STATEMENT
Title Strategies for College Success
942 ## - ADDED ENTRY ELEMENTS (KOHA)
Koha item type Books
Holdings
Withdrawn status Lost status Permanent Location Current Location Shelving location Date acquired Full call number Accession Number Koha item type
    MAJU MAJU Shelf No.A14 2020-10-01 378.198 654 Books

Powered by Koha